000 00345cam a2200145ua 4500
041 _aeng
_h
082 _a821
_bPOP/PO
100 _aPope, .
245 _aPoetry and Prose /
_cPope.
_hTextual Documents
260 _aLondon :
_bOxford at the Clarendon Press ,
_c1961.
300 _a188 ; .
504 _a
942 _cBK
999 _c5909
_d5909